Trẻ thơ trong gia đình

Giới thiệu cách thức khám phá, giáo dục trẻ thơ qua phương pháp giáo dục Montessori

Zapisane w:
Opis bibliograficzny
1. autor: Montessori, Maria
Format: Książka
Język:Undetermined
Wydane: Hà Nội Tri thức 2015
Hasła przedmiotowe:
Etykiety: Dodaj etykietę
Nie ma etykietki, Dołącz pierwszą etykiete!
Thư viện lưu trữ: Trung tâm Học liệu Trường Đại học Cần Thơ
LEADER 00783nam a2200205Ia 4500
001 CTU_215628
008 210402s9999 xx 000 0 und d
020 |c 35000 
082 |a 371.392 
082 |b M781 
100 |a Montessori, Maria 
245 0 |a Trẻ thơ trong gia đình 
245 0 |c Maria Montessori ; Trịnh Xuân Tuyết, Nghiêm Phương Mai (dịch) 
260 |a Hà Nội 
260 |b Tri thức 
260 |c 2015 
520 |a Giới thiệu cách thức khám phá, giáo dục trẻ thơ qua phương pháp giáo dục Montessori 
650 |a Nuôi dạy trẻ,Giáo dục trẻ,Phương pháp giảng dạy,Teaching methods,Child rearing 
904 |i Nguyên 
980 |a Trung tâm Học liệu Trường Đại học Cần Thơ